| 000 | 00642nam a22002057a 4500 | ||
|---|---|---|---|
| 999 |
_c13719 _d13719 |
||
| 003 | AR-CdUCM | ||
| 008 | 190416b ||||| |||| 00| 0 spa d | ||
| 040 |
_aMUNICIPALIDAD PROVINCIAL DEL CUSCO _cBIBLIOTECA MUNICIPAL DEL CUSCO |
||
| 082 |
_a704.9 / _bB39 / 1963 |
||
| 100 |
_aBernal, Ignacio _912406 |
||
| 245 | _aPinturas precolombinas de Mexico : | ||
| 260 |
_aMexico : _bHermes, _c1963. |
||
| 300 |
_a24 + 28 páginas ; _b28 laminas. _c17 cm. |
||
| 505 | _aPinturas precolombinas de Mexico. | ||
| 650 |
_aArte. _9561 |
||
| 650 |
_aArte precolombino. _932229 |
||
| 650 |
_aMexico. _918 |
||
| 942 |
_2ddc _cLIBROS |
||
| 945 |
_awfj _d2019-04-16 |
||